5HLuxD.jpg

KING HENRY VIII SENIOR AND PRIMARY SCHOOL LIBRARY OPAC

Treasure in Seat 13C: (Record no. 1064)

000 -LEADER
fixed length control field 01780nam a22001937a 4500
005 - DATE AND TIME OF LATEST TRANSACTION
control field 20200928092733.0
008 - FIXED-LENGTH DATA ELEMENTS--GENERAL INFORMATION
fixed length control field 200928b ||||| |||| 00| 0 eng d
020 ## - INTERNATIONAL STANDARD BOOK NUMBER
International Standard Book Number 979-8638873097
040 ## - CATALOGING SOURCE
Transcribing agency KH8
082 ## - DEWEY DECIMAL CLASSIFICATION NUMBER
Classification number FIC RAM
100 ## - MAIN ENTRY--PERSONAL NAME
Personal name Ramesh, Nidhi
Relator term author
245 ## - TITLE STATEMENT
Title Treasure in Seat 13C:
Remainder of title Magical Travel Adventures
Statement of responsibility, etc. Nidhi Ramesh
260 ## - PUBLICATION, DISTRIBUTION, ETC.
Name of publisher, distributor, etc. Independently published,
Date of publication, distribution, etc. April 20, 2020.
300 ## - PHYSICAL DESCRIPTION
Extent 119 p. ;
Other physical details b&w ill. :
Dimensions 19 cm.
520 ## - SUMMARY, ETC.
Summary, etc. It’s been almost one whole year and 10-year-old Nidhi is adjusting to her new life in a small town Cyberjaya after travelling around the world following her dad’s work assignments. Although she loves to travel and experience different cultures these constant moves have come at a huge cost. Nidhi has no real friends!! In the last 6 years she has been to 5 different schools and every time she manages to build a circle of friends, it’s time to hop into another country. The move to this new country was on the promise that she would be here for a long time but looks like things are just about turn sour again. Nidhi’s dad comes home one day and ask the family to pack their bags while the schools were closing for Summer holidays. What? Are we moving again?? Authors Note: ‘Nidhi’ in my mother tongue means ‘Treasure’. Like every one of you I also used to get random seat numbers while on my air travels. However, last summer something weird was happening on all the travels I undertook. My vacation experiences were out of this world and I encountered unreal episodes wherever I went. I wasn’t sure why! But one thing that I noticed was very strange, every time I boarded a plane, I had the same seat number. Was I jinxed??
521 ## - TARGET AUDIENCE NOTE
Target audience note age: 7-13
700 ## - ADDED ENTRY--PERSONAL NAME
Personal name Shobaru
Relator term illustrator
942 ## - ADDED ENTRY ELEMENTS (KOHA)
Source of classification or shelving scheme
Koha item type Books - Fiction
Holdings
Withdrawn status Lost status Source of classification or shelving scheme Damaged status Not for loan Collection code Permanent Location Current Location Shelving location Date acquired Total Checkouts Full call number Barcode Date due Date last seen Date last checked out Copy number Price effective from Koha item type Total Renewals
          Fiction KH8 Senior School Library KH8 Senior School Library Easy Reading 2020-09-28 1 FIC RAM 3KHSL000101795 2021-03-22 2021-03-08 2021-03-08 1 2020-09-28 Books - Fiction  
          Fiction KH8 Senior School Library KH8 Senior School Library Easy Reading 2020-09-28 3 FIC RAM 3KHSL000101796 2023-09-28 2023-09-12 2023-09-12 2 2020-09-28 Books - Fiction 1
          Fiction KH8 Senior School Library KH8 Senior School Library Easy Reading 2025-02-05   FIC RAM 3KHSL000102181   2025-02-05     2025-02-05 Books - Fiction  

Powered By KH8 IT Dept